Мисли, чувства, памет (Запис номер 138704)
[ съкратено ]
| 000 -Лидер | |
|---|---|
| Контролно поле с фиксирана дължина | 02436nam a2200469 c 4500 |
| 003 - Код на организацията, давaща контролен номер | |
| Контролно поле | BLK |
| 005 - Дата и час на последна редакция | |
| Контролно поле | 20240330122945.0 |
| 008 - Елементи от данни с фиксирана дължина | |
| fixed length control field | 180409b bul|||||r ||||||| ||bul|| |
| 010 ## - Наследен системен номер | |
| LC control number | KNG00144699000 |
| 040 ## - Източник на каталожния запис | |
| Идентификатор на билиотеката - собственик на записа | BLK |
| 041 ## - Код за език | |
| Код за езика на текст/звукозапис или на отделно заглавие | Български |
| Код за езика КДБФ | Български |
| 080 ## - УДК | |
| Текстов определител УДК | Мислене. Представа - Абстракция. Подбор. Сравнение. Размисъл. Преценка. Мнение. Умозаключение. Индукция. Дедукция. Евристика. Мислене и говорене. Рефлексия (психол.) |
| УДК код - определител по УДК | 159.955 |
| УДК - код + определител | 159.955 |
| 080 ## - УДК | |
| Текстов определител УДК | Главен мозък. Мозъчни центрове. Вж и 159.91 ; 613.8 |
| УДК код - определител по УДК | 612.82 |
| УДК - код + определител | 612.82 |
| 080 ## - УДК | |
| Текстов определител УДК | Обща теория на съобщителната техника.Кибернетика (теория на информацията и сигналите с оглед приложението им в съобщителната техника) |
| УДК код - определител по УДК | 621.391 |
| УДК - код + определител | 621.391 |
| 100 ## - Редна дума - Автор | |
| Автор | Михайлова, Павлина |
| R(LIN) | 256904 |
| 139 ## - Редно поле | |
| Редна дума | Михайлова, Павлина и др. |
| Авторски знак | Михаи - М 74 |
| 245 10 - Сведения за заглавието | |
| Заглавие | Мисли, чувства, памет |
| Подзаглавни данни | Научнопопул. очерк |
| Редно поле (дума) | Павлина Михайлова; съавт. Омуртаг Коларов. |
| 257 ## - Страна на издаване | |
| Страна на създаване/издаване | България |
| 260 ## - Област на издателските данни | |
| Име на издателя, разпространителя и проч. | Медицина и физкултура |
| Година на издаване | 1973 |
| Печатница | Пловдив : Д. Благоев |
| Място на издаване, разпространение и проч. | София |
| 300 ## - Физическа характеристика | |
| Страници | 111 с. |
| Размери/Мащаб | 20 см |
| 380 ## - Жанр | |
| Жанр | Философия |
| 490 ## - СЕРИИ (Колекции) | |
| Име на серия | Медико-биологични знания за младежта |
| 9 (RLIN) | 202387 |
| 500 ## - Общи забележки | |
| Забележка | 6 090 тир. - В кн. са разгледани и въпроси на неврокибернетиката. |
| 650 #4 - Допълнително описание по предмет – тема | |
| Основно описание – тема или топоним | Мислене - психология |
| 9 (RLIN) | 251239 |
| 650 #4 - Допълнително описание по предмет – тема | |
| Основно описание – тема или топоним | Памет |
| 9 (RLIN) | 165565 |
| 650 #4 - Допълнително описание по предмет – тема | |
| Основно описание – тема или топоним | Чувства |
| 9 (RLIN) | 177703 |
| 650 #4 - Допълнително описание по предмет – тема | |
| Основно описание – тема или топоним | Личност |
| 9 (RLIN) | 160674 |
| 653 ## - Ключова дума – ненормативна | |
| Ключова дума | мислене |
| 653 ## - Ключова дума – ненормативна | |
| Ключова дума | памет |
| 653 ## - Ключова дума – ненормативна | |
| Ключова дума | чувства |
| 653 ## - Ключова дума – ненормативна | |
| Ключова дума | личност |
| 653 ## - Ключова дума – ненормативна | |
| Ключова дума | неврокибернетика |
| 653 ## - Ключова дума – ненормативна | |
| Ключова дума | очерци |
| 700 1# - Други автори (авторска отговорност) | |
| Лично име | Коларов, Омуртаг |
| Автороска отговорност (Описва отношението между автора и произведението) | съавт. |
| 9 (RLIN) | 326453 |
| 852 ## - Местоположение | |
| Форматна сигнатура | Цб 66787 |
| 856 4# - Електронен адрес и достъп | |
| Електронен формат | pdf - файл |
| 856 4# - Електронен адрес и достъп | |
| Електронен формат | pdf - файл |
| 999 ## - СИСТЕМНИ КОНТРОЛНИ НОМЕРА | |
| Koha biblionumber | 138704 |
| Koha biblioitemnumber | 138704 |
| 942 ## - АРТИКУЛИ | |
| Вид на библиотечния материал | Книги |
| Скрит в OPAC | Не |
| Периодичен библиозапис | Да |
| 944 ## - СЪЗДАВАНЕ И РЕДАКЦИЯ на ЗАПИСА | |
| Създаване/Редакция | Създаване |
| Дата на регистрацията/редакция | 03.07.2013 |
| Статус, дата на статуса | Геновева Генчева |
| Служител, извършил регистрацията/редакцията | 30560 |
| 944 ## - СЪЗДАВАНЕ И РЕДАКЦИЯ на ЗАПИСА | |
| Създаване/Редакция | Редакция |
| Дата на регистрацията/редакция | 26.09.2017 |
| Статус, дата на статуса | 03.07.2013 - от С1,Р / 03.07.2013 |
| Служител, извършил регистрацията/редакцията | Севдалина_Василева |
| 999 ## - СИСТЕМНИ КОНТРОЛНИ НОМЕРА | |
| Koha biblioitemnumber | 138704 |
| Код за отписване | Код за изгубен артикул | Източник на класификационната схема | Код за повреда | Коз за рестрикции | Код за отдаване | Артикулен № | Име на библиотеката - собственик | Име на библиотеката, в която се намира в момента | Статус (Текущо местоположение) | Дата на вписване в системата | Местоположение - отдел | Цена в лева | Инвентарен номер | Систематично азбучна сигнатура | Баркод | Номер на екземпляра | Цена в евро | Служебна бележка | Служебен тип на артикула | Бележка за публиката |
|---|---|---|---|---|---|---|---|---|---|---|---|---|---|---|---|---|---|---|---|---|
| Не е изгубен | Universal Decimal Classification | Не е повреден | без рестрикции | ползва се в читалня | 226739 | Регионална библиотека "Любен Каравелов" Русе | Регионална библиотека "Любен Каравелов" Русе | Хранилище | 1973-01-01 | Хранилище | 0.28 | 133013 | Цб 66787 | 120000133013 | 1 | 0.14 | Дата: 01.01.1973 | Книги | ||
| Изтеглен | Не е изгубен | Не е повреден | без рестрикции | заемане за дома | 226740 | Регионална библиотека "Любен Каравелов" Русе | Регионална библиотека "Любен Каравелов" Русе | 1973-01-01 | Детски отдел | 0.28 | 539295 | ДН 1/М 74 | 539295 | 2 | 0.14 | Дата: 01.01.1973 Дата инв: 30.09.2015 Бележки инв: Д2015 | Книги | Отч.N: 39/2017 , Дата: 07.09.2017 | ||
| Изтеглен | Не е изгубен | Universal Decimal Classification | Не е повреден | без рестрикции | заемане за дома | 226741 | Регионална библиотека "Любен Каравелов" Русе | Регионална библиотека "Любен Каравелов" Русе | Заемна - подръчен фонд | 1973-01-01 | Заемна - подръчен фонд | 0.28 | 643491 | П 159.9/М 74 | 643491 | 3 | 0.14 | Дата: 01.01.1973 Дата инв: 21.03.2018 Бележки инв: П2018 | Книги |